00544 2200193 4500001002100000005001500021035002500036090001700061245009300078260003200171300002900203008004100232082001100273084001700284650001000301250000600311100002100317990001200338YOGYA00000000004789520180530111156 a0010-081400000047613 a297.09 Spu H1 aGeschichte der Islamichen Lander :bZweiter Abschnitt die Mongolenzeit /cBertold Spuler aLeiden :bE.J. Brill,c1953 a124 hlm :bilus ;c24 cm180530 g 0 ger  a297.09 a297.09 SPU h aAgama a61 aSpuller, Bertold a54667-b